Make a scene : crafting a powerful story one scene at a time (Record no. 1350)

000 -LEADER
fixed length control field 00655nam a22002057a 4500
003 - CONTROL NUMBER IDENTIFIER
control field OSt
005 - DATE AND TIME OF LATEST TRANSACTION
control field 20140826054858.0
008 - FIXED-LENGTH DATA ELEMENTS--GENERAL INFORMATION
fixed length control field 140826b xxu||||| |||| 00| 0 eng d
020 ## - INTERNATIONAL STANDARD BOOK NUMBER
International Standard Book Number 9781582974798
050 ## - LIBRARY OF CONGRESS CALL NUMBER
Classification number PN3383.N35 R69 2008
100 ## - MAIN ENTRY--PERSONAL NAME
Personal name Rosenfeld, Jordan E.
245 ## - TITLE STATEMENT
Title Make a scene : crafting a powerful story one scene at a time
Statement of responsibility, etc Jordan E. Rosenfeld.
260 ## - PUBLICATION, DISTRIBUTION, ETC. (IMPRINT)
Place of publication, distribution, etc Cincinnati, Ohio
Name of publisher, distributor, etc Writer's Digest Books
Date of publication, distribution, etc 2008
300 ## - PHYSICAL DESCRIPTION
Extent xii, 276 p. ;
Dimensions 23 cm.
504 ## - BIBLIOGRAPHY, ETC. NOTE
Bibliography, etc Includes index.
505 ## - FORMATTED CONTENTS NOTE
Formatted contents note http://www.loc.gov/catdir/toc/ecip0723/2007029982.html
650 ## - SUBJECT ADDED ENTRY--TOPICAL TERM
Topical term or geographic name as entry element Fiction--Authorship.
650 ## - SUBJECT ADDED ENTRY--TOPICAL TERM
Topical term or geographic name as entry element Narration (Rhetoric)
942 ## - ADDED ENTRY ELEMENTS (KOHA)
Source of classification or shelving scheme
Koha item type Book
Holdings
Withdrawn status Lost status Source of classification or shelving scheme Damaged status Not for loan Home library Current library Shelving location Date acquired Total Checkouts Total Renewals Full call number Barcode Date last seen Date checked out Copy number Price effective from Koha item type
          Riara University Library Riara University Library General stack 26/08/2014 2 2 PN3383.N35 R69 2008 4871/14 26/01/2018 11/01/2018 C.1 26/08/2014 Book
          Riara University Library Riara University Library General stack 26/08/2014 2   PN3383.N35 R69 2008 4870/14 24/02/2021 01/02/2021 C.2 26/08/2014 Book
          Riara University Library Riara University Library General stack 26/08/2014 3   PN3383.N35 R69 2008 4869/14 18/10/2017 02/10/2017 C.3 26/08/2014 Book

Riara University Library,
P.O. Box 49940-00100,
Nairobi, Kenya.